000 00616nam a2200241 i 4500
001 C2-0246297
003 PPAK
005 20180727211102.0
008 030323s2001 nyu |||| ||||| | eng d
020 _a0671786601
040 _aPPAK
_beng
_cPPAK
_erda
082 0 4 _a823
_223
090 0 0 _a823
_bROB
_dG
100 1 _aRobards, Karen,
_eauthor
245 1 0 _aTo trust a stranger
264 1 _aNew York :
_bPocket Books ,
_c2001
300 _a422 pages ;
_c17 cm
336 _2rdacontent
_atext
337 _2rdamedia
_aunmediated
338 _2rdacarrier
_avolume
650 1 0 _aEnglish fiction
942 _ddc
_cB
999 _c60250
_d60250